000 00574nam a22001937a 4500
003 OSt
005 20260506080956.0
008 260506b |||||||| |||| 00| 0 eng d
020 _a9780755493128
040 _aDWCL Main Lib.
_cOC
082 _aGR 590 M847p 2013
100 _aMorgan, Sally
245 _aPolar animals /
_cSally Morgan
260 _aManila, Philippines :
_bWS Pacific Publications,
_cc2013.
300 _a48 pages :
_bcolored illustrations ;
_c28 cm.
504 _aIncludes glossary and index.
650 _a1. Animals -- Polar.
942 _2ddc
_cGR
_n0
999 _c10293
_d10293